Loading...
| Auditory Arts | 7 | 7.14 | 71% | 0% | 0% |
| Beliefs | 11 | 20.00 | 100% | 73% | 27% |
| Current Events | 1 | 20.00 | 100% | 100% | 0% |
| Fine Arts - Other Arts | 7 | 11.43 | 86% | 29% | 0% |
| Geography | 2 | 10.00 | 50% | 50% | 0% |
| History - American | 7 | 15.71 | 100% | 29% | 29% |
| History - Ancient | 6 | 20.00 | 67% | 83% | 50% |
| History - European | 5 | 20.00 | 80% | 80% | 40% |
| History - Other | 1 | 20.00 | 100% | 100% | 0% |
| History - World | 5 | 26.00 | 100% | 100% | 60% |
| Literature - American | 5 | 6.00 | 40% | 20% | 0% |
| Literature - British | 8 | 10.00 | 100% | 0% | 0% |
| Literature - European | 4 | 12.50 | 100% | 25% | 0% |
| Literature - World | 3 | 10.00 | 67% | 0% | 33% |
| Other Academic | 2 | 10.00 | 50% | 50% | 0% |
| Philosophy | 7 | 12.86 | 100% | 29% | 0% |
| Science - Biology | 2 | 15.00 | 100% | 0% | 50% |
| Science - Chemistry | 7 | 20.00 | 100% | 86% | 14% |
| Science - Other | 6 | 16.67 | 83% | 50% | 33% |
| Science - Physics | 6 | 21.67 | 100% | 83% | 33% |
| Social Science | 6 | 11.67 | 83% | 33% | 0% |
| Visual Arts | 4 | 12.50 | 100% | 25% | 0% |